Online Catalogue and eLibrary

British cultural studies : (Record no. 291)

MARC details
000 -LEADER
fixed length control field 00563cam a2200205 a 4500
001 - CONTROL NUMBER
control field 3996342
005 - DATE AND TIME OF LATEST TRANSACTION
control field 20240206002710.0
008 - FIXED-LENGTH DATA ELEMENTS--GENERAL INFORMATION
fixed length control field 960123s1996 enka b 001 0 eng
020 ## - INTERNATIONAL STANDARD BOOK NUMBER
ISBN 0415129303 (pbk. : alk. paper)
040 ## - CATALOGING SOURCE (பட்டியலாக்க மூலம்)
Original cataloging agency DLC
Transcribing agency DLC
Modifying agency DLC
082 00 - DDC Classification
Class No. 306.4/0941
DDC Edition Number 20
Item Number - Author Mark GRA.
100 1# - MAIN ENTRY--PERSONAL NAME
Personal name Turner, Graeme.
245 10 - TITLE STATEMENT
Title British cultural studies :
Remainder of title an introduction /
Statement of responsibility, etc. Graeme Turner.
250 ## - EDITION STATEMENT
Edition statement 2nd ed.
260 ## - PUBLICATION, DISTRIBUTION, ETC.
Place of publication, distribution, etc. London ;
-- New York :
Name of publisher, distributor, etc. Routledge,
Date of publication, distribution, etc. 1996.
300 ## - PHYSICAL DESCRIPTION
Extent (e.g. Volumes, Pages etc.) vi, 258 p. :
650 #0 - SUBJECT ADDED ENTRY--TOPICAL TERM
Topical term or geographic name entry element Popular culture
650 #0 - SUBJECT ADDED ENTRY--TOPICAL TERM
Topical term or geographic name entry element Mass media
942 ## - Koha item type (Biblio)
Koha item type Books in Stacks (Lending)
Holdings
Lost status Damaged status Collection code Home library Current library Date acquired Full call number Accession Number Item type
    Lending WERC Library WERC Library 02/06/2024 306.4/0941 GRA. 2962 Books in Stacks (Lending)

© WERC Library